[Event "EU-ch U16"]
[Site "Prague"]
[Date "2012.08.20"]
[Round "4"]
[White "Iovcov, Valerii"]
[Black "Magee, Ronan"]
[Result "1-0"]
[WhiteElo "2191"]
[BlackElo "1981"]
[PlyCount "189"]
[EventDate "2012.08.17"]
[EventType "swiss"]
[EventRounds "9"]
[EventCountry "CZE"]
[SourceTitle "CBM 150 Extra"]
[Source "ChessBase"]
[SourceDate "2012.10.19"]
[SourceVersion "1"]
[SourceVersionDate "2012.10.19"]
[SourceQuality "1"]

1. e4 c5 2. Nf3 d6 3. c3 Nf6 4. Be2 Bg4 5. h3 Bh5 6. 0-0 e6 7. Re1 Be7 8. d4 Nbd7 9. Nbd2 0-0 10. b3 Rc8 11. Bb2 cxd4 12. cxd4 Bg6 13. Bd3 d5 14. Ne5 Nxe5 15. dxe5 Nd7 16. Bb1 Nc5 17. exd5 Qxd5 18. Bxg6 hxg6 19. Ba3 Rfd8 20. Nc4 Bf8 21. Nd6 Bxd6 22. Qxd5 exd5 23. exd6 Rxd6 24. Rac1 Rdc6 25. Rxc5 Rxc5 26. Bxc5 Rxc5 27. Re8+ Kh7 28. Re7 Rc1+ 29. Kh2 Rc2 30. Rxb7 Rxa2 31. Rxf7 a5 32. f3 Rb2 33. Ra7 Rxb3 34. Rxa5 Rd3 35. Ra6 g5 36. Kg3 Rd2 37. Rd6 d4 38. Rc6 d3 39. Rd6 g6 40. Rd7+ Kh6 41. Rd5 Rd1 42. Kg4 d2 43. Rd7 Ra1 44. Rxd2 Ra4+ 45. Kg3 Kg7 46. Re2 Kf6 47. Re4 Ra2 48. h4 gxh4+ 49. Rxh4 Kg5 50. Rb4 Rc2 51. Rb5+ Kf6 52. Kh3 Rf2 53. Rb3 Kf5 54. g3 Ra2 55. Rb5+ Kf6 56. Rb6+ Kf5 57. g4+ Kg5 58. f4+ Kxf4 59. Rxg6 Ra1 60. Rf6+ Kg5 61. Rf5+ Kg6 62. Rf2 Kg5 63. Rf5+ Kg6 64. Rb5 Ra3+ 65. Kh4 Ra1 66. Rb6+ Kg7 67. Kh5 Rh1+ 68. Kg5 Rg1 69. Rb7+ Kg8 70. Kf5 Rg2 71. g5 Ra2 72. Rb8+ Kg7 73. Rb7+ Kg8 74. Kg6 Ra6+ 75. Kh5 Ra1 76. Kh6 Rg1 77. Kg6 Kf8 78. Rb8+ Ke7 79. Rg8 Rg2 80. Kh7 Rh2+ 81. Kg7 Rg2 82. g6 Rg1 83. Ra8 Rg2 84. Ra1 Ke8 85. Re1+ Kd8 86. Kf7 Rf2+ 87. Kg8 Rg2 88. g7 Rg3 89. Re4 Rf3 90. Kh7 Rh3+ 91. Kg6 Rg3+ 92. Kh6 Kd7 93. Re5 Kd6 94. Rg5 Rh3+ 95. Kg6 1-0

[Event "EU-ch U16"]
[Site "Prague"]
[Date "2012.08.17"]
[Round "1"]
[White "Magee, Ronan"]
[Black "Menezes, Christoph"]
[Result "0-1"]
[WhiteElo "1981"]
[BlackElo "2279"]
[PlyCount "86"]
[EventDate "2012.08.17"]
[EventType "swiss"]
[EventRounds "9"]
[EventCountry "CZE"]
[SourceTitle "CBM 150 Extra"]
[Source "ChessBase"]
[SourceDate "2012.10.19"]
[SourceVersion "1"]
[SourceVersionDate "2012.10.19"]
[SourceQuality "1"]

1. e4 c5 2. Nf3 d6 3. d4 cxd4 4. Nxd4 Nf6 5. Nc3 a6 6. Be3 e5 7. Nb3 Be6 8. f3 Nbd7 9. Qd2 Be7 10. 0-0-0 h5 11. Be2 Rc8 12. Nd5 Bxd5 13. exd5 Qc7 14. c3 b5 15. Kb1 Nb6 16. Bxb6 Qxb6 17. Qd3 g6 18. Nd2 h4 19. Ne4 Nh5 20. g3 f5 21. Nd2 Kf7 22. f4 e4 23. Nxe4 fxe4 24. Qxe4 Ng7 25. Bd3 Rh6 26. gxh4 Re8 27. Rhg1 Bf6 28. Qg2 Nf5 29. h5 Ne3 30. Bxg6+ Kf8 31. Qf2 Re7 32. Rd3 Nc4 33. Qg3 b4 34. Bf7 Rxf7 35. Qg8+ Ke7 36. Re1+ Ne5 37. Qc8 Bh4 38. Re2 Rxf4 39. Qg8 Rhf6 40. h6 Rf1+ 41. Kc2 R1f2 42. Rdd2 bxc3 43. bxc3 Rf1 0-1

[Event "SCO-ch 119th"]
[Site "Glasgow"]
[Date "2012.07.11"]
[Round "5"]
[White "Magee, Ronan"]
[Black "Bejtovic, Jasmin"]
[Result "0-1"]
[WhiteElo "1965"]
[BlackElo "2408"]
[PlyCount "126"]
[EventDate "2012.07.07"]
[EventType "swiss"]
[EventRounds "9"]
[EventCountry "SCO"]
[SourceTitle "CBM 149 Extra"]
[Source "ChessBase"]
[SourceDate "2012.08.24"]
[SourceVersion "1"]
[SourceVersionDate "2012.08.24"]
[SourceQuality "1"]

1. e4 c5 2. Nf3 e6 3. c3 d5 4. exd5 exd5 5. d4 Nc6 6. Be2 Nf6 7. 0-0 Bd6 8. Be3 cxd4 9. cxd4 0-0 10. Nc3 h6 11. h3 Re8 12. Rc1 Bf5 13. a3 Rc8 14. b4 Bb8 15. Re1 Qd6 16. Nb5 Qd7 17. Nc3 Ne4 18. Na4 Qd6 19. Nc5 Re7 20. Nd3 g5 21. Nde5 f6 22. Ng4 Kg7 23. Ngh2 Rce8 24. Nf1 Bg6 25. b5 Nd8 26. Qb3 Ne6 27. Bd3 h5 28. Bxe4 dxe4 29. N3d2 Nxd4 30. Qc4 Rd8 31. Rcd1 Rc7 32. Qa4 Nc2 33. Nc4 Qe6 34. Rxd8 Rxc4 35. Qb3 Bc7 36. Rdd1 Nxe1 37. Rc1 Bf7 38. Rxe1 Ba5 39. Rd1 Rc3 40. Qa4 b6 41. Nd2 Rd3 42. Nf1 Qc4 43. Qxc4 Bxc4 44. Rc1 Bxb5 45. Ng3 Rc3 46. Ra1 Bd3 47. Nxh5+ Kg6 48. Ng3 Rc2 49. Bd4 f5 50. Nf1 f4 51. g3 Rc4 52. Be5 Kf5 53. gxf4 gxf4 54. Bb8 Rc8 55. Bd6 Bc3 56. Rc1 Rc4 57. Nh2 Bd2 58. Rxc4 Bxc4 59. Bb8 a5 60. Ba7 b5 61. Ng4 b4 62. axb4 axb4 63. Bd4 Bc3 0-1

[Event "SCO-ch 119th"]
[Site "Glasgow"]
[Date "2012.07.09"]
[Round "3"]
[White "Magee, Ronan"]
[Black "Das, Arghyadip"]
[Result "0-1"]
[WhiteElo "1965"]
[BlackElo "2485"]
[PlyCount "62"]
[EventDate "2012.07.07"]
[EventType "swiss"]
[EventRounds "9"]
[EventCountry "SCO"]
[SourceTitle "CBM 149 Extra"]
[Source "ChessBase"]
[SourceDate "2012.08.24"]
[SourceVersion "1"]
[SourceVersionDate "2012.08.24"]
[SourceQuality "1"]

1. e4 d6 2. d4 g6 3. Nf3 Bg7 4. Be2 Nf6 5. Nc3 0-0 6. 0-0 c6 7. Bg5 h6 8. Bh4 g5 9. Bg3 Nh5 10. Qd2 Nd7 11. Rad1 b5 12. a3 a6 13. e5 Nxg3 14. hxg3 Nb6 15. Qe3 Bf5 16. Ne1 Nc4 17. Qf3 Qc8 18. g4 Bg6 19. exd6 exd6 20. b3 Nxa3 21. Ne4 Qe6 22. Ng3 Nxc2 23. Nf5 Nb4 24. Nd3 Nd5 25. Rfe1 Rfe8 26. Rc1 Qd7 27. Qh3 h5 28. Nxg7 Kxg7 29. gxh5 Qxh3 30. gxh3 Bxd3 31. Bxd3 Nb4 0-1

[Event "SCO-ch 119th"]
[Site "Glasgow"]
[Date "2012.07.08"]
[Round "2"]
[White "Magee, Ronan"]
[Black "Lagerman, Robert"]
[Result "1/2-1/2"]
[WhiteElo "1965"]
[BlackElo "2315"]
[PlyCount "101"]
[EventDate "2012.07.07"]
[EventType "swiss"]
[EventRounds "9"]
[EventCountry "SCO"]
[SourceTitle "CBM 149 Extra"]
[Source "ChessBase"]
[SourceDate "2012.08.24"]
[SourceVersion "1"]
[SourceVersionDate "2012.08.24"]
[SourceQuality "1"]

1. e4 e5 2. Nf3 Nc6 3. Bb5 a6 4. Ba4 Nf6 5. 0-0 Nxe4 6. d4 b5 7. Bb3 d5 8. dxe5 Be6 9. c3 Bc5 10. Bf4 g5 11. Be3 Bxe3 12. fxe3 g4 13. Nd4 Nxe5 14. Nd2 Nc5 15. Bc2 Qg5 16. Qe2 0-0 17. e4 Rae8 18. exd5 Bxd5 19. Rf5 Qg7 20. Qf2 Ncd3 21. Qg3 c5 22. Bxd3 cxd4 23. cxd4 Nxd3 24. Qxd3 Qg6 25. Qf1 Be6 26. Rf6 Qg5 27. Qf2 Rd8 28. Ne4 Qd5 29. Rf4 f5 30. Nc5 Bc8 31. Qh4 Qd6 32. Raf1 Qg6 33. Qg3 Qg7 34. Qb3+ Kh8 35. Ne6 Bxe6 36. Qxe6 Rxd4 37. Rxf5 Rxf5 38. Qxf5 Rd8 39. b3 Qd4+ 40. Kh1 Rg8 41. Qe6 a5 42. Qa6 b4 43. Qxa5 Rd8 44. Qf5 Re8 45. g3 Qe4+ 46. Qxe4 Rxe4 47. Rf7 Re2 48. Rf4 h5 49. Rxb4 Rxa2 50. Rb5 Ra1+ 51. Kg2 1/2-1/2

[Event "Dublin Easter e2e4 op"]
[Site "Dublin"]
[Date "2012.04.05"]
[Round "1"]
[White "Kvisvik, Brede Alexander"]
[Black "Magee, Ronan"]
[Result "1-0"]
[WhiteElo "2304"]
[BlackElo "1948"]
[PlyCount "63"]
[EventDate "2012.04.05"]
[EventType "swiss"]
[EventRounds "9"]
[EventCountry "IRL"]
[SourceTitle "CBM 147 Extra"]
[Source "ChessBase"]
[SourceDate "2012.04.24"]
[SourceVersion "1"]
[SourceVersionDate "2012.04.24"]
[SourceQuality "1"]

1. e4 c5 2. Nf3 d6 3. d4 cxd4 4. Nxd4 Nf6 5. Nc3 a6 6. Bg5 e6 7. f4 Be7 8. Qf3 Qc7 9. 0-0-0 Nbd7 10. g4 b5 11. Bxf6 Nxf6 12. g5 Nd7 13. f5 Bxg5+ 14. Kb1 Ne5 15. Qh5 Qe7 16. Nxe6 Bxe6 17. fxe6 g6 18. exf7+ Kxf7 19. Qh3 Kg7 20. Nd5 Qd8 21. Be2 Ra7 22. Rhf1 Rf7 23. Qa3 Rhf8 24. Rxf7+ Rxf7 25. Qxa6 Rf2 26. Bxb5 Rxh2 27. Qa7+ Kh8 28. a4 Qc8 29. Qc7 Qg4 30. Rf1 Nf3 31. Qxd6 h5 32. Qf8+ 1-0

[Event "Bunratty Masters op 19th"]
[Site "Bunratty"]
[Date "2012.02.17"]
[Round "1"]
[White "Rendle, Thomas E"]
[Black "Magee, Ronan"]
[Result "1-0"]
[WhiteElo "2393"]
[BlackElo "1948"]
[PlyCount "67"]
[EventDate "2012.02.17"]
[EventType "swiss"]
[EventRounds "6"]
[EventCountry "IRL"]
[SourceTitle "CBM 146 Extra"]
[Source "ChessBase"]
[SourceDate "2012.02.29"]
[SourceVersion "1"]
[SourceVersionDate "2012.02.29"]
[SourceQuality "1"]

1. e4 c5 2. Nf3 d6 3. c3 Nf6 4. Be2 Nbd7 5. d3 e6 6. 0-0 Be7 7. Nbd2 0-0 8. d4 Qc7 9. Bd3 a6 10. Qe2 cxd4 11. cxd4 e5 12. b3 exd4 13. Bb2 Ne5 14. Rfc1 Qd8 15. Nxd4 Bg4 16. f3 Bd7 17. Bc2 Qb6 18. Kh1 Rfe8 19. f4 Ng6 20. Qf3 d5 21. e5 Bc5 22. Nf5 Ne4 23. Nxe4 dxe4 24. Bxe4 Bxf5 25. Bxf5 Nh4 26. Bxh7+ Kxh7 27. Qh5+ Kg8 28. Qxh4 Re6 29. f5 Rh6 30. Qg4 Rd8 31. e6 f6 32. Rd1 Bd6 33. h3 Qf2 34. Bd4 1-0

[Event "Dublin Masters"]
[Site "Dublin"]
[Date "2011.09.02"]
[Round "1"]
[White "Fox, Anthony"]
[Black "Magee, Ronan"]
[Result "1-0"]
[WhiteElo "2087"]
[BlackElo "1953"]
[PlyCount "111"]
[EventDate "2011.09.02"]
[EventType "swiss"]
[EventRounds "6"]
[EventCountry "IRL"]
[SourceTitle "EXT 2023"]
[Source "ChessBase"]
[SourceDate "2022.10.05"]
[SourceVersion "1"]
[SourceVersionDate "2022.10.05"]
[SourceQuality "1"]

1. e4 c5 2. Nc3 d6 3. g3 Nc6 4. Bg2 g6 5. d3 Bg7 6. Be3 Rb8 7. Qd2 b5 8. Nge2 Nd4 9. 0-0 e6 10. Nd1 Ne7 11. c3 Nxe2+ 12. Qxe2 0-0 13. Qd2 Qa5 14. Bh6 Bb7 15. Bxg7 Kxg7 16. Ne3 f5 17. f4 Rbd8 18. exf5 Bxg2 19. f6+ Rxf6 20. Qxg2 Nf5 21. Ng4 Rf7 22. Rfe1 Re7 23. a3 Qb6 24. Re2 Rde8 25. Rae1 h5 26. Ne3 c4 27. d4 Nxe3 28. Rxe3 e5 29. Qd5 Kf6 30. fxe5+ dxe5 31. Rxe5 Rxe5 32. Rxe5 Rxe5 33. Qxe5+ Kf7 34. Kg2 a5 35. h4 b4 36. axb4 axb4 37. Qd5+ Kg7 38. Qxc4 Qb7+ 39. d5 bxc3 40. Qxc3+ Kh7 41. Qd4 Qe7 42. Qd3 Qb4 43. b3 Qa5 44. d6 Qa2+ 45. Kf3 Qa8+ 46. Qe4 Qa6 47. Qe7+ Kg8 48. Qe6+ Kg7 49. Qe5+ Kh7 50. Ke3 Qb6+ 51. Ke4 Qc6+ 52. Qd5 Qc2+ 53. Kd4 Qf2+ 54. Kc4 Qe2+ 55. Kc5 Qc2+ 56. Kb6 1-0

[Event "GBR-ch 98th"]
[Site "Sheffield"]
[Date "2011.07.29"]
[Round "5"]
[White "Magee, Ronan"]
[Black "Boyd, John"]
[Result "0-1"]
[WhiteElo "1953"]
[BlackElo "2200"]
[PlyCount "76"]
[EventDate "2011.07.24"]
[EventType "swiss"]
[EventRounds "11"]
[EventCountry "ENG"]
[SourceTitle "CBM 143 Extra"]
[Source "ChessBase"]
[SourceDate "2011.08.29"]
[SourceVersion "1"]
[SourceVersionDate "2011.08.29"]
[SourceQuality "1"]

1. e4 g6 2. d4 Bg7 3. Nc3 d6 4. Be3 a6 5. Bc4 e6 6. Nge2 Ne7 7. Qd2 h6 8. a4 b6 9. h4 d5 10. exd5 exd5 11. Bb3 Be6 12. 0-0-0 Nbc6 13. h5 g5 14. Kb1 Qd7 15. f4 g4 16. Ng3 0-0-0 17. Rhf1 Bf5 18. Nxf5 Qxf5 19. Rh1 Na5 20. Ba2 Bf6 21. Ne2 Qd7 22. Qd3 Kb7 23. Bb3 Nf5 24. Bf2 Rhe8 25. Rhe1 Nxb3 26. Qxb3 Re4 27. Qd3 Rde8 28. b3 R8e7 29. g3 Qe8 30. Rh1 Rxe2 31. Qxf5 Rxf2 32. Qxf6 Ree2 33. Qf5 Qc6 34. Rc1 Ka8 35. Rh4 Qc3 36. Ka2 Rxc2+ 37. Rxc2 Rxc2+ 38. Ka3 Qa1+ 0-1

[Event "Bunratty Masters op 18th"]
[Site "Bunratty"]
[Date "2011.02.27"]
[Round "6"]
[White "Fehr, Jukka"]
[Black "Magee, Ronan"]
[Result "1/2-1/2"]
[WhiteElo "2003"]
[BlackElo "1892"]
[PlyCount "54"]
[EventDate "2011.02.25"]
[EventType "swiss"]
[EventRounds "6"]
[EventCountry "IRL"]
[SourceTitle "CBM 141 Extra"]
[Source "ChessBase"]
[SourceDate "2011.05.03"]
[SourceVersion "1"]
[SourceVersionDate "2011.05.03"]
[SourceQuality "1"]

1. d4 d5 2. Nf3 Nf6 3. e3 e6 4. Bd3 Be7 5. Nbd2 0-0 6. 0-0 c5 7. c3 Nc6 8. dxc5 Bxc5 9. e4 e5 10. h3 h6 11. Qe2 Nh5 12. Nb3 Ng3 13. Qd1 Nxe4 14. Bxe4 dxe4 15. Nfd2 e3 16. Nxc5 exd2 17. Bxd2 Qd5 18. Be3 Qxd1 19. Rfxd1 b6 20. Ne4 Be6 21. Rd6 Na5 22. b3 Nb7 23. Rdd1 Rfd8 24. c4 f5 25. Nc3 f4 26. Bd2 Rd3 27. Be1 Rad8 1/2-1/2

[Event "Bunratty Masters op 18th"]
[Site "Bunratty"]
[Date "2011.02.26"]
[Round "2"]
[White "Fox, Anthony"]
[Black "Magee, Ronan"]
[Result "1-0"]
[WhiteElo "2115"]
[BlackElo "1892"]
[PlyCount "55"]
[EventDate "2011.02.25"]
[EventType "swiss"]
[EventRounds "6"]
[EventCountry "IRL"]
[SourceTitle "CBM 141 Extra"]
[Source "ChessBase"]
[SourceDate "2011.05.03"]
[SourceVersion "1"]
[SourceVersionDate "2011.05.03"]
[SourceQuality "1"]

1. e4 c5 2. Nc3 d6 3. g3 Nc6 4. Bg2 g6 5. d3 Bg7 6. Be3 Nf6 7. h3 Rb8 8. Nge2 b5 9. Qd2 b4 10. Nd1 Ba6 11. 0-0 0-0 12. f4 Qc7 13. f5 Rbd8 14. Nf4 Ne5 15. g4 g5 16. Nd5 Nxd5 17. exd5 h6 18. Nf2 Bb7 19. c3 bxc3 20. bxc3 e6 21. f6 Bxf6 22. Ne4 Bg7 23. Nf6+ Kh8 24. Bxg5 hxg5 25. Qxg5 Bxf6 26. Rxf6 Ng6 27. Qh6+ Kg8 28. Be4 1-0